| 000 | 00435nam a22001577a 4500 | ||
|---|---|---|---|
| 005 | 20150515110847.0 | ||
| 008 | 150515b xxu||||| |||| 00| 0 eng d | ||
| 040 | _cPK-LaUMT | ||
| 082 |
_aKHC 954.9205 _bMAS-R |
||
| 100 | _aمسعودالحق | ||
| 245 |
_aرااور سی آئی اے _cمسعودالحق |
||
| 260 |
_aلاہور _bگوتم پبلشرز |
||
| 300 | _a224 ص | ||
| 700 | _aمیزان علی (مترجم | ||
| 942 | _cBK | ||
| 999 |
_c71932 _d71932 |
||